000
00324nam a22001097a 4500
008
150521b xxu||||| |||| 00| 0 eng d
020
_a
080535580
041
0
_a
eng
080
_a
618.2
245
1
0
_a
Maternal-newborn nursing :
_c
Sally B. Olds, Marcia L. London, Patricia A. Ladewig.
942
_2
udc
_c
BK
999
_c
880
_d
880